| 000 | 01002nam a22001817a 4500 | ||
|---|---|---|---|
| 999 |
_c63555 _d63555 |
||
| 003 | Ge_BSU | ||
| 005 | 20251028193245.0 | ||
| 008 | 251028s1962 ge ||||| |||| 00| 0 geo d | ||
| 041 | _ageo | ||
| 080 | _a911.375(479.22) ჯ-23 | ||
| 100 |
_aჯაოშვილი, ვ. _93873 |
||
| 245 |
_aქუთაისი : _bეკონ.-გეოგრაფიული დახასიათება / _c ვ. ჯაოშვილი; საქ. სსრ მეცნ. აკადემია. ვახუშტის სახ. გეოგრაფიის ინ-ტი. |
||
| 264 |
_aთბილისი : _bსაქ. სსრ მეცნ. აკად. გამ-ბა, _c1962. |
||
| 300 |
_a352 გვ. : _bსქემ. 15 ფ. ილ. და რუქ. ; _c22 სმ. |
||
| 504 | _aბიბლიოგრ: გვ. 344-348. | ||
| 653 | _aსაქართველოს ქალაქების ეკონომიური გეოგრაფია. | ||
| 942 |
_2udc _cBK |
||